000 01258cam a2200289 i 4500
001 18320
003 Mx-PuUPA
005 20250805131106.0
008 140415s2002 mx a gr 000 0 spa d
040 _aMx-PuUPA
_bspa
_cMx-PuUPA
_dMx-PuUPA
_erda
041 0 _aspa
110 2 _aMemoria del Congreso Guadalupano
_d(2002 :
_cMéxico)
245 1 0 _aMemoria del Congreso Guadalupano.
_b"mucho quiero, muchísimo deseo que aquí me levanten mi templo" 8, 9 y 10 de octubre de 2001 /
_peditor, Arturo Rocha Cortés
264 1 _aMéxico, D. F. :
_bBasílica de Guadalupe AR, : Instituto de Estudios Guadalupanos Teológicos e Históricos Guadalupanos,
_c2002
300 _ax, 173 páginas :
_bilustraciones ;
_c22 cm
336 _2rdacontent
_atexto
_btxt
337 _2rdamedia
_asin medio
_bn
338 _2rdacarrier
_avolumen
_bnc
600 0 4 _aJuan Diego,
_cSanto
_d1474-1548
_vCongresos
600 0 4 _aVirgen María,
_xApariciones y milagros
_vCongresos
600 0 4 _aNuestra Señora de Guadalupe
_vCongresos
650 7 _2armarc
_aBasílica de Santa María de Guadalupe (Ciudad de México, México)
_vCongresos
700 1 _aRocha Cortés, Arturo,
_eeditor
942 _2ddc
_cLI
_h232
_iM53
999 _c18320
_d18320